La inversión extranjera en Colombia : (Registro nro. 8137)
[ vista simple ]
| 000 -LEADER | |
|---|---|
| fixed length control field | 01546nam a2200313Ia 4500 |
| 003 - CONTROL NUMBER IDENTIFIER | |
| control field | OSt |
| 005 - DATE AND TIME OF LATEST TRANSACTION | |
| control field | 20210726135739.0 |
| 008 - FIXED-LENGTH DATA ELEMENTS--GENERAL INFORMATION | |
| fixed length control field | 210310s1987 ck gr 000 0dspa d |
| 020 ## - INTERNATIONAL STANDARD BOOK NUMBER | |
| International Standard Book Number | 9106026 |
| Qualifying information | Serie cultura universitaria |
| 020 ## - INTERNATIONAL STANDARD BOOK NUMBER | |
| International Standard Book Number | 9160034 |
| 040 ## - CATALOGING SOURCE | |
| Original cataloging agency | CO-JMCR |
| Transcribing agency | CO-JMCR |
| 041 0# - LANGUAGE CODE | |
| Language code of text/sound track or separate title | spa |
| 082 04 - DEWEY DECIMAL CLASSIFICATION NUMBER | |
| Classification number | 332.673 / |
| Item number | B238i |
| Edition number | 23 |
| 100 1# - MAIN ENTRY--PERSONAL NAME | |
| Personal name | Barbosa Cardona, Octavio, |
| 9 (RLIN) | 16439 |
| Relator term | autor |
| 245 13 - TITLE STATEMENT | |
| Title | La inversión extranjera en Colombia : |
| Remainder of title | ¿factor de desarrollo? / |
| Statement of responsibility, etc. | Octavio Barbosa Cardona ; prólogo, Rodolfo González García ; presentación, Isidro Parra-Peña |
| 250 ## - EDITION STATEMENT | |
| Edition statement | Primera edición |
| 260 ## - PUBLICATION, DISTRIBUTION, ETC. | |
| Place of publication, distribution, etc. | [Bogotá] : |
| Name of publisher, distributor, etc. | Fondo Editorial Universidad Distrital Francisco José de Caldas, |
| Date of publication, distribution, etc. | 1987 |
| 300 ## - PHYSICAL DESCRIPTION | |
| Extent | 214 páginas ; |
| Dimensions | 22 cm. |
| 490 0# - SERIES STATEMENT | |
| Series statement | Colección cultura universitaria |
| 500 ## - GENERAL NOTE | |
| General note | Incluye notas a pie de página y datos biográficos del autor. |
| 504 ## - BIBLIOGRAPHY, ETC. NOTE | |
| Bibliography, etc. note | Bibliografía: páginas [209]-214 |
| 505 0# - FORMATTED CONTENTS NOTE | |
| Formatted contents note | La inversión extranjera como factor de desarrollo -- Evaluación histórica de la inversión extranjera directa -IED - actores y régimen legal -- Evaluación de la IED en Colombia como factor de desarrollo (1970-1982) -- Legislación flexible y capital extranjero adicional |
| 650 14 - SUBJECT ADDED ENTRY--TOPICAL TERM | |
| Topical term or geographic name entry element | Inversiones extranjeras |
| 9 (RLIN) | 16441 |
| Geographic subdivision | Colombia |
| 650 24 - SUBJECT ADDED ENTRY--TOPICAL TERM | |
| Topical term or geographic name entry element | Inversiones extranjeras |
| General subdivision | Historia |
| 9 (RLIN) | 38715 |
| 650 24 - SUBJECT ADDED ENTRY--TOPICAL TERM | |
| Topical term or geographic name entry element | Inversiones extranjeras |
| General subdivision | Legislación |
| Geographic subdivision | Colombia |
| 9 (RLIN) | 38716 |
| 700 1# - ADDED ENTRY--PERSONAL NAME | |
| Personal name | González García, Rodolfo, |
| Relator term | prologuista |
| 9 (RLIN) | 38717 |
| 700 1# - ADDED ENTRY--PERSONAL NAME | |
| Personal name | Parra-Peña, Isidro, |
| Relator term | presentador de la obra |
| 9 (RLIN) | 5823 |
| 942 ## - ADDED ENTRY ELEMENTS (KOHA) | |
| Source of classification or shelving scheme | Dewey Decimal Classification |
| Koha item type | Books |
| Withdrawn status | Lost status | Source of classification or shelving scheme | Damaged status | Not for loan | Collection code | Home library | Current library | Date acquired | Source of acquisition | Total Checkouts | Full call number | Barcode | Date last seen | Date last checked out | Copy number | Koha item type |
|---|---|---|---|---|---|---|---|---|---|---|---|---|---|---|---|---|
| Dewey Decimal Classification | Non-fiction | Biblioteca Pública José María del Castillo y Rada | Biblioteca Pública José María del Castillo y Rada | 04/15/2018 | Donación | 1 | 332.673 / B238i | 430003289 | 05/16/2024 | 01/26/2024 | Ej.1 | Books |